[Event "MP do 16 lat - chlopcy"]
[Site "Sypniewo"]
[Date "2022.03.23"]
[Round "5.12"]
[White "Kazmierowski, Tymon"]
[Black "Lysakowski, Kamil"]
[Result "1-0"]
[BlackElo "1805"]
[WhiteElo "2032"]
[LiveChessVersion "1.4.8"]

1. d4 {[%clk 1:30:58]} Nf6 {[%clk 1:30:54]} 2. c4 {[%clk 1:31:22]} d6
{[%clk 1:31:15]} 3. Nf3 {[%clk 1:31:38]} g6 {[%clk 1:31:39]} 4. g3
{[%clk 1:31:57]} Bg7 {[%clk 1:32:02]} 5. Bg2 {[%clk 1:32:22]} O-O
{[%clk 1:32:20]} 6. O-O {[%clk 1:32:40]} c6 {[%clk 1:32:08]} 7. Nc3
{[%clk 1:31:46]} Qb6 {[%clk 1:24:44]} 8. Qc2 {[%clk 1:29:37]} Bf5
{[%clk 1:13:29]} 9. Qb3 {[%clk 1:16:54]} Qxb3 {[%clk 0:53:28]} 10. axb3
{[%clk 1:17:08]} Bc2 {[%clk 0:53:08]} 11. Ra3 {[%clk 1:15:25]} d5
{[%clk 0:47:29]} 12. Ne1 {[%clk 1:09:01]} Bf5 {[%clk 0:39:05]} 13. cxd5
{[%clk 1:03:11]} cxd5 {[%clk 0:39:31]} 14. Nxd5 {[%clk 1:03:29]} Nxd5
{[%clk 0:39:58]} 15. Bxd5 {[%clk 1:03:55]} Nc6 {[%clk 0:40:23]} 16. Bxc6
{[%clk 1:03:04]} bxc6 {[%clk 0:40:47]} 17. Nf3 {[%clk 1:03:26]} Bg4
{[%clk 0:38:45]} 18. Be3 {[%clk 1:02:21]} Rfd8 {[%clk 0:35:15]} 19. Ra4
{[%clk 0:59:31]} Rd7 {[%clk 0:28:54]} 20. Rc1 {[%clk 0:57:41]} Rad8
{[%clk 0:15:11]} 21. Rxc6 {[%clk 0:44:19]} e5 {[%clk 0:15:29]} 22. d5
{[%clk 0:39:54]} Bf5 {[%clk 0:06:10]} 23. g4 {[%clk 0:39:02]} e4 {[%clk 0:06:39]}
24. gxf5 {[%clk 0:38:59]} exf3 {[%clk 0:07:05]} 25. exf3 {[%clk 0:39:21]} Bxb2
{[%clk 0:05:56]} 26. fxg6 {[%clk 0:33:35]} hxg6 {[%clk 0:06:10]} 27. Bg5
{[%clk 0:33:10]} Rb8 {[%clk 0:06:15]} 28. d6 {[%clk 0:31:46]} Rxb3
{[%clk 0:02:52]} 29. Bf4 {[%clk 0:30:02]} Rbb7 30. Rac4 {[%clk 0:26:41]} Bf6
{[%clk 0:01:46]} 31. Rc7 {[%clk 0:25:37]} Kf8 {[%clk 0:01:06]} 32. Rxb7
{[%clk 0:24:15]} Rxb7 {[%clk 0:01:35]} 33. Rc8+ {[%clk 0:24:38]} Kg7
{[%clk 0:02:01]} 34. Rc7 {[%clk 0:24:58]} Rb1+ {[%clk 0:02:16]} 35. Kg2
{[%clk 0:25:14]} a5 {[%clk 0:01:42]} 36. Ra7 {[%clk 0:12:06]} Ra1
{[%clk 0:02:10]} 37. Bd2 {[%clk 0:11:49]} Rd1 {[%clk 0:02:20]} 38. Bf4
{[%clk 0:11:15]} Ra1 {[%clk 0:02:49]} 39. Be3 {[%clk 0:10:51]} Rd1
{[%clk 0:01:34]} 40. Ra6 {[%clk 0:39:11]} Rd5 {[%clk 0:31:30]} 41. f4
{[%clk 0:36:34]} Bc3 {[%clk 0:22:22]} 42. Bc1 {[%clk 0:33:06]} Kf6
{[%clk 0:18:32]} 43. Ba3 {[%clk 0:29:37]} Bb4 {[%clk 0:15:49]} 44. d7+
{[%clk 0:28:22]} Ke7 {[%clk 0:15:54]} 45. Rxa5 {[%clk 0:28:11]} 1-0

[Event "MP do 16 lat - chlopcy"]
[Site "Sypniewo"]
[Date "2022.03.23"]
[Round "5.13"]
[White "Zdybel, Przemyslaw"]
[Black "Wilk, Igor"]
[Result "1-0"]
[BlackElo "1753"]
[WhiteElo "2008"]
[LiveChessVersion "1.4.8"]

1. e4 {[%clk 1:30:58]} c6 {[%clk 1:30:55]} 2. Nf3 {[%clk 1:31:12]} d5
{[%clk 1:31:19]} 3. Nc3 {[%clk 1:31:34]} a6 {[%clk 1:31:39]} 4. d4
{[%clk 1:22:55]} Bg4 {[%clk 1:32:00]} 5. Be3 {[%clk 1:17:23]} e6 {[%clk 1:31:17]}
6. h3 {[%clk 1:11:28]} Bxf3 {[%clk 1:30:44]} 7. Qxf3 {[%clk 1:11:49]} Bb4
{[%clk 1:30:26]} 8. Bd3 {[%clk 1:11:18]} Nf6 {[%clk 1:28:50]} 9. e5
{[%clk 1:09:42]} Nfd7 {[%clk 1:28:34]} 10. Qg3 {[%clk 1:03:08]} g6
{[%clk 1:26:08]} 11. O-O {[%clk 1:01:55]} c5 {[%clk 1:23:32]} 12. Bg5
{[%clk 0:51:29]} Qc7 {[%clk 1:21:37]} 13. Nxd5 {[%clk 0:33:44]} exd5
{[%clk 1:16:39]} 14. e6 {[%clk 0:34:00]} Qxg3 {[%clk 1:16:10]} 15. exd7+
{[%clk 0:34:22]} Nxd7 {[%clk 1:16:00]} 16. fxg3 {[%clk 0:34:48]} h6
{[%clk 1:04:01]} 17. a3 {[%clk 0:21:32]} c4 {[%clk 0:52:07]} 18. axb4
{[%clk 0:10:18]} cxd3 {[%clk 0:51:59]} 19. Rae1+ {[%clk 0:07:38]} Kf8
{[%clk 0:52:22]} 20. Re7 {[%clk 0:07:09]} hxg5 {[%clk 0:50:21]} 21. Rfxf7+
{[%clk 0:05:38]} Kg8 {[%clk 0:50:51]} 22. Rg7+ {[%clk 0:05:51]} Kf8
{[%clk 0:51:20]} 23. Rxd7 {[%clk 0:05:42]} d2 {[%clk 0:51:23]} 24. Rdf7+
{[%clk 0:06:00]} Ke8 {[%clk 0:51:51]} 25. Rf1 {[%clk 0:06:24]} Rf8
{[%clk 0:48:15]} 26. Rd1 {[%clk 0:06:46]} g4 {[%clk 0:47:19]} 27. Rxg6
{[%clk 0:05:03]} Kd7 {[%clk 0:47:31]} 28. Rxg4 {[%clk 0:03:05]} Rae8
{[%clk 0:47:50]} 29. Rxd2 {[%clk 0:03:31]} Re1+ {[%clk 0:47:15]} 30. Kh2
{[%clk 0:03:57]} Rff1 {[%clk 0:47:39]} 31. Rg7+ {[%clk 0:04:22]} Kc6
{[%clk 0:48:05]} 32. g4 {[%clk 0:04:47]} 1-0

[Event "MP do 16 lat - chlopcy"]
[Site "Sypniewo"]
[Date "2022.03.23"]
[Round "5.14"]
[White "Maslanka, Wojciech"]
[Black "Kubik, Rafal"]
[Result "1-0"]
[BlackElo "1732"]
[WhiteElo "1980"]
[LiveChessVersion "1.4.8"]

1. d4 {[%clk 1:30:53]} d5 {[%clk 1:30:55]} 2. c4 {[%clk 1:27:53]} e6
{[%clk 1:31:18]} 3. Nf3 {[%clk 1:28:17]} Nf6 {[%clk 1:31:28]} 4. Nc3
{[%clk 1:28:28]} c6 {[%clk 1:29:43]} 5. Bg5 {[%clk 1:22:00]} Nbd7
{[%clk 1:28:54]} 6. e3 {[%clk 1:21:52]} Qa5 {[%clk 1:28:24]} 7. Bxf6
{[%clk 1:14:13]} Nxf6 {[%clk 1:28:44]} 8. Nd2 {[%clk 1:11:28]} dxc4
{[%clk 1:26:49]} 9. Nxc4 {[%clk 1:11:28]} Qc7 {[%clk 1:27:10]} 10. Rc1
{[%clk 1:10:40]} Be7 {[%clk 1:25:16]} 11. Bd3 {[%clk 1:08:37]} O-O
{[%clk 1:23:13]} 12. O-O {[%clk 1:06:58]} Rd8 {[%clk 1:21:23]} 13. Qe2
{[%clk 1:05:17]} Nd5 {[%clk 1:13:43]} 14. Ne4 {[%clk 0:53:53]} b6
{[%clk 0:56:46]} 15. Ne5 {[%clk 0:43:10]} Bb7 {[%clk 0:53:03]} 16. a3
{[%clk 0:37:03]} a5 {[%clk 0:48:35]} 17. Qh5 {[%clk 0:35:09]} g6 {[%clk 0:47:15]}
18. Qh3 {[%clk 0:34:37]} f5 {[%clk 0:42:55]} 19. Bb5 {[%clk 0:23:38]} c5
{[%clk 0:31:31]} 20. Nd2 {[%clk 0:23:48]} Ba6 {[%clk 0:29:59]} 21. Bxa6
{[%clk 0:23:30]} Rxa6 {[%clk 0:30:28]} 22. Qf3 {[%clk 0:21:56]} Raa8
{[%clk 0:28:02]} 23. Qe2 {[%clk 0:21:50]} Qb7 {[%clk 0:25:43]} 24. Ndf3
{[%clk 0:21:38]} Rac8 {[%clk 0:22:52]} 25. Qb5 {[%clk 0:21:14]} Bd6
{[%clk 0:17:23]} 26. Nc4 {[%clk 0:17:35]} Qd7 {[%clk 0:14:42]} 27. Qb3
{[%clk 0:17:43]} a4 {[%clk 0:14:31]} 28. Qd3 {[%clk 0:15:10]} Bc7
{[%clk 0:08:43]} 29. dxc5 {[%clk 0:14:33]} bxc5 {[%clk 0:08:47]} 30. Rfd1
{[%clk 0:14:15]} Qe8 {[%clk 0:07:55]} 31. Qc2 {[%clk 0:13:33]} Nb6
{[%clk 0:06:09]} 32. Nxb6 {[%clk 0:12:55]} Bxb6 {[%clk 0:06:39]} 33. Qc4
{[%clk 0:13:16]} h6 {[%clk 0:02:49]} 34. e4 {[%clk 0:11:46]} Kg7 {[%clk 0:02:10]}
35. Re1 {[%clk 0:10:40]} Ba5 {[%clk 0:01:29]} 36. Re2 {[%clk 0:11:02]} f4
{[%clk 0:01:17]} 37. e5 {[%clk 0:10:43]} Qd7 {[%clk 0:00:33]} 38. Qxf4
{[%clk 0:09:52]} Rf8 {[%clk 0:00:38]} 39. Qe4 {[%clk 0:09:34]} Qd5
{[%clk 0:00:41]} 40. Qxa4 {[%clk 0:39:29]} Bc7 {[%clk 0:30:39]} 41. Rd1
{[%clk 0:38:49]} 1-0

[Event "MP do 16 lat - chlopcy"]
[Site "Sypniewo"]
[Date "2022.03.23"]
[Round "5.15"]
[White "Jedraszek, Pawel"]
[Black "Trzebinski, Patryk"]
[Result "1-0"]
[BlackElo "1711"]
[WhiteElo "1954"]
[LiveChessVersion "1.4.8"]

1. e4 {[%clk 1:30:56]} c5 {[%clk 1:30:55]} 2. Nf3 {[%clk 1:31:14]} g6
{[%clk 1:31:18]} 3. d4 {[%clk 1:31:34]} cxd4 {[%clk 1:31:39]} 4. Qxd4
{[%clk 1:31:45]} Nf6 {[%clk 1:31:56]} 5. Nc3 {[%clk 1:31:55]} Nc6
{[%clk 1:31:35]} 6. Qa4 {[%clk 1:31:55]} d6 {[%clk 1:30:24]} 7. e5
{[%clk 1:31:39]} Ng4 {[%clk 1:19:51]} 8. Bb5 {[%clk 1:10:00]} Ngxe5
{[%clk 1:16:47]} 9. Nxe5 {[%clk 1:10:14]} dxe5 {[%clk 1:17:15]} 10. Bg5
{[%clk 1:06:32]} f6 {[%clk 1:04:27]} 11. Rd1 {[%clk 1:03:21]} Bd7
{[%clk 0:51:32]} 12. Ne4 {[%clk 0:58:05]} Nd4 {[%clk 0:46:05]} 13. Bxd7+
{[%clk 0:54:52]} Qxd7 {[%clk 0:46:33]} 14. Qxd7+ {[%clk 0:55:09]} Kxd7
{[%clk 0:46:59]} 15. c3 {[%clk 0:46:50]} fxg5 {[%clk 0:47:21]} 16. cxd4
{[%clk 0:47:08]} exd4 {[%clk 0:47:04]} 17. Rxd4+ {[%clk 0:47:28]} Ke8
{[%clk 0:38:33]} 18. Ke2 {[%clk 0:36:40]} Rc8 {[%clk 0:24:40]} 19. Kd3
{[%clk 0:24:18]} Bg7 {[%clk 0:17:29]} 20. Rd5 {[%clk 0:24:28]} h6
{[%clk 0:09:30]} 21. Re1 {[%clk 0:20:39]} Rd8 {[%clk 0:09:37]} 22. Rxd8+
{[%clk 0:19:39]} Kxd8 {[%clk 0:10:06]} 23. Nc5 {[%clk 0:19:45]} Bxb2
{[%clk 0:10:06]} 24. Rb1 {[%clk 0:19:10]} Ba3 {[%clk 0:03:56]} 25. Rxb7
{[%clk 0:19:25]} Kc8 {[%clk 0:04:17]} 26. Rxa7 {[%clk 0:19:41]} Rd8+
{[%clk 0:04:38]} 27. Kc4 {[%clk 0:20:02]} Bxc5 {[%clk 0:04:07]} 28. Ra8+
{[%clk 0:20:22]} Kc7 {[%clk 0:03:29]} 29. Rxd8 {[%clk 0:20:50]} Bxf2
{[%clk 0:03:32]} 30. Rg8 {[%clk 0:21:10]} Bg1 {[%clk 0:03:51]} 31. h3
{[%clk 0:21:28]} Be3 {[%clk 0:04:13]} 32. Rxg6 {[%clk 0:21:52]} h5
{[%clk 0:04:42]} 33. Re6 {[%clk 0:22:00]} 1-0

[Event "MP do 16 lat - chlopcy"]
[Site "Sypniewo"]
[Date "2022.03.23"]
[Round "5.16"]
[White "Malinowski, Szymon"]
[Black "Herwy, Jakub"]
[Result "1-0"]
[BlackElo "1947"]
[WhiteElo "1675"]
[LiveChessVersion "1.4.8"]

1. d4 {[%clk 1:30:55]} Nf6 {[%clk 1:30:45]} 2. Bf4 {[%clk 1:31:17]} c5
{[%clk 1:31:04]} 3. e3 {[%clk 1:31:27]} g6 {[%clk 1:31:03]} 4. c3
{[%clk 1:31:37]} Bg7 {[%clk 1:30:07]} 5. Nf3 {[%clk 1:31:34]} O-O
{[%clk 1:30:16]} 6. Bd3 {[%clk 1:31:33]} d6 {[%clk 1:30:01]} 7. Nbd2
{[%clk 1:31:15]} Nbd7 {[%clk 1:29:52]} 8. O-O {[%clk 1:29:35]} b6
{[%clk 1:29:12]} 9. e4 {[%clk 1:27:38]} Bb7 {[%clk 1:26:11]} 10. d5
{[%clk 1:27:52]} Qc7 {[%clk 1:24:16]} 11. Qc2 {[%clk 1:25:24]} a6
{[%clk 1:18:10]} 12. a4 {[%clk 1:24:13]} Rae8 {[%clk 1:17:35]} 13. c4
{[%clk 1:22:34]} e5 {[%clk 1:12:04]} 14. Be3 {[%clk 1:20:03]} h6 {[%clk 1:11:58]}
15. h3 {[%clk 1:16:02]} a5 {[%clk 1:11:52]} 16. Nh4 {[%clk 1:15:31]} Nb8
{[%clk 1:12:04]} 17. g4 {[%clk 1:11:48]} Na6 {[%clk 1:12:16]} 18. Rae1
{[%clk 1:11:25]} Nb4 {[%clk 1:12:33]} 19. Qb1 {[%clk 1:11:49]} Qd8
{[%clk 1:11:47]} 20. Ng2 {[%clk 1:08:02]} g5 {[%clk 1:09:04]} 21. f3
{[%clk 1:04:35]} Nd7 {[%clk 1:09:15]} 22. Kf2 {[%clk 1:03:43]} Bf6
{[%clk 1:09:23]} 23. Rh1 {[%clk 1:04:00]} Kg7 {[%clk 1:09:37]} 24. Nf1
{[%clk 1:02:36]} Rh8 {[%clk 1:09:21]} 25. Ng3 {[%clk 1:02:59]} Nf8
{[%clk 1:09:26]} 26. Nf5+ {[%clk 1:00:50]} Kg8 {[%clk 1:09:06]} 27. h4
{[%clk 1:00:14]} Ng6 {[%clk 1:09:02]} 28. hxg5 {[%clk 1:00:09]} hxg5
{[%clk 1:09:28]} 29. Rxh8+ {[%clk 0:58:32]} Kxh8 {[%clk 1:07:06]} 30. Rh1+
{[%clk 0:57:47]} Kg8 {[%clk 1:07:32]} 31. Bd2 {[%clk 0:55:55]} Bc8
{[%clk 1:04:54]} 32. Nge3 {[%clk 0:55:53]} Ne7 {[%clk 1:02:37]} 33. Be2
{[%clk 0:51:05]} Nxf5 {[%clk 0:59:59]} 34. gxf5 {[%clk 0:51:15]} Kg7
{[%clk 1:00:21]} 35. Ng4 {[%clk 0:50:35]} Be7 {[%clk 0:58:29]} 36. Rh6
{[%clk 0:47:14]} Rh8 {[%clk 0:55:40]} 37. Qh1 {[%clk 0:44:09]} f6
{[%clk 0:51:32]} 38. Qh5 {[%clk 0:44:23]} Qg8 {[%clk 0:47:34]} 39. Rg6+
{[%clk 0:44:30]} Kf8 {[%clk 0:47:59]} 40. Rxg8+ {[%clk 1:14:02]} Rxg8
{[%clk 1:18:23]} 41. Qh6+ {[%clk 1:14:12]} Kf7 {[%clk 1:18:41]} 42. Qh7+
{[%clk 1:14:33]} Kf8 {[%clk 1:19:05]} 43. Nh6 {[%clk 1:14:58]} 1-0

[Event "MP do 16 lat - chlopcy"]
[Site "Sypniewo"]
[Date "2022.03.23"]
[Round "5.17"]
[White "Kutowski, Marcel"]
[Black "Rzenca, Jerzy"]
[Result "1-0"]
[BlackElo "1586"]
[WhiteElo "1914"]
[LiveChessVersion "1.4.8"]

1. e4 {[%clk 1:30:58]} c6 {[%clk 1:30:56]} 2. d4 {[%clk 1:31:25]} d5
{[%clk 1:31:21]} 3. Nc3 {[%clk 1:31:52]} dxe4 {[%clk 1:31:45]} 4. Nxe4
{[%clk 1:32:18]} Bf5 {[%clk 1:32:09]} 5. Ng3 {[%clk 1:32:46]} Bg6
{[%clk 1:32:33]} 6. h4 {[%clk 1:33:12]} h6 {[%clk 1:32:59]} 7. Nf3
{[%clk 1:33:39]} Nd7 {[%clk 1:33:23]} 8. Bd3 {[%clk 1:34:06]} Bxd3
{[%clk 1:33:33]} 9. Qxd3 {[%clk 1:34:29]} e6 {[%clk 1:33:54]} 10. Bf4
{[%clk 1:34:54]} Qa5+ {[%clk 1:34:05]} 11. Bd2 {[%clk 1:35:04]} Bb4
{[%clk 1:34:30]} 12. Ne4 {[%clk 1:35:30]} Ngf6 {[%clk 1:30:25]} 13. Nd6+
{[%clk 1:35:47]} Ke7 {[%clk 1:29:48]} 14. Nxb7 {[%clk 1:36:09]} Bxd2+
{[%clk 1:29:56]} 15. Nxd2 {[%clk 1:36:35]} Qb4 {[%clk 1:26:22]} 16. Qb3
{[%clk 1:36:58]} Qxd4 {[%clk 1:24:45]} 17. O-O-O {[%clk 1:36:46]} Rhb8
{[%clk 0:43:55]} 18. Qa3+ {[%clk 1:36:46]} c5 {[%clk 0:43:38]} 19. Na5
{[%clk 1:37:09]} Rc8 {[%clk 0:41:27]} 20. Ndc4 {[%clk 1:34:10]} Qf4+
{[%clk 0:40:41]} 21. Kb1 {[%clk 1:29:30]} Nb6 {[%clk 0:28:47]} 22. Nd6
{[%clk 1:14:52]} Rc7 {[%clk 0:29:11]} 23. Nb5 {[%clk 1:14:21]} Rcc8
{[%clk 0:29:36]} 24. Nd4 {[%clk 1:06:28]} Nfd5 {[%clk 0:18:39]} 25. Nac6+
{[%clk 1:00:40]} Kf6 {[%clk 0:06:41]} 26. Qxc5 {[%clk 0:57:34]} Na4
{[%clk 0:04:26]} 27. Qa3 {[%clk 0:52:57]} Rab8 {[%clk 0:02:44]} 28. Nxb8
{[%clk 0:51:53]} Rxb8 {[%clk 0:02:56]} 29. Nb3 {[%clk 0:50:55]} Nac3+
{[%clk 0:01:33]} 30. bxc3 {[%clk 0:51:16]} Nxc3+ {[%clk 0:02:02]} 31. Ka1
{[%clk 0:51:32]} 1-0

[Event "MP do 16 lat - chlopcy"]
[Site "Sypniewo"]
[Date "2022.03.23"]
[Round "5.18"]
[White "Paprocki, Antoni"]
[Black "Wesolek, Krzysztof"]
[Result "1-0"]
[BlackElo "1651"]
[WhiteElo "1831"]
[LiveChessVersion "1.4.8"]

1. d4 {[%clk 1:30:46]} Nf6 {[%clk 1:30:56]} 2. c4 {[%clk 1:30:31]} e6
{[%clk 1:31:19]} 3. g3 {[%clk 1:30:52]} d5 {[%clk 1:31:44]} 4. Bg2
{[%clk 1:30:48]} Bb4+ {[%clk 1:31:53]} 5. Nd2 {[%clk 1:31:01]} O-O
{[%clk 1:32:15]} 6. Qc2 {[%clk 1:29:48]} b6 {[%clk 1:30:06]} 7. Ngf3
{[%clk 1:28:30]} Bb7 {[%clk 1:30:08]} 8. Ne5 {[%clk 1:19:31]} a5 {[%clk 1:29:50]}
9. O-O {[%clk 1:19:38]} Nbd7 {[%clk 1:29:14]} 10. Ndf3 {[%clk 1:14:55]} Re8
{[%clk 1:06:07]} 11. c5 {[%clk 1:08:20]} Nxe5 {[%clk 0:59:26]} 12. Nxe5
{[%clk 1:08:30]} a4 {[%clk 0:58:16]} 13. a3 {[%clk 1:07:53]} Ba5 {[%clk 0:57:55]}
14. Qxa4 {[%clk 1:02:33]} bxc5 {[%clk 0:52:36]} 15. Qb5 {[%clk 0:58:03]} Qc8
{[%clk 0:38:36]} 16. Qxc5 {[%clk 0:57:29]} Bb6 {[%clk 0:35:16]} 17. Qb4
{[%clk 0:53:46]} Nd7 {[%clk 0:27:59]} 18. Nxd7 {[%clk 0:51:58]} Qxd7
{[%clk 0:28:26]} 19. Bf4 {[%clk 0:44:50]} Ra4 {[%clk 0:16:34]} 20. Qb3
{[%clk 0:40:42]} Ba6 {[%clk 0:16:43]} 21. Rfc1 {[%clk 0:31:48]} Bxd4
{[%clk 0:10:54]} 22. Rxc7 {[%clk 0:28:14]} Qb5 {[%clk 0:11:23]} 23. Qxb5
{[%clk 0:24:24]} Bxb5 {[%clk 0:11:52]} 24. Rc2 {[%clk 0:22:28]} Bc4
{[%clk 0:06:38]} 25. Bd6 {[%clk 0:19:20]} Rea8 {[%clk 0:03:44]} 26. Rac1
{[%clk 0:17:43]} h6 {[%clk 0:04:08]} 27. e3 {[%clk 0:13:25]} Bf6 {[%clk 0:04:01]}
28. Rxc4 {[%clk 0:08:26]} dxc4 {[%clk 0:03:59]} 29. Bxa8 {[%clk 0:08:52]} Rxa8
{[%clk 0:04:21]} 30. Rxc4 {[%clk 0:09:16]} Bxb2 {[%clk 0:04:20]} 31. Rc2
{[%clk 0:09:45]} Bf6 {[%clk 0:03:12]} 32. Ra2 {[%clk 0:10:10]} Bd8
{[%clk 0:03:30]} 33. Bb4 {[%clk 0:10:11]} f6 {[%clk 0:02:47]} 34. a4
{[%clk 0:06:10]} Kf7 {[%clk 0:02:41]} 35. Kf1 {[%clk 0:05:57]} e5
{[%clk 0:02:10]} 36. e4 {[%clk 0:04:39]} Ke6 {[%clk 0:01:50]} 37. Ke2
{[%clk 0:04:12]} Bb6 {[%clk 0:01:19]} 38. a5 {[%clk 0:01:58]} Bd8
{[%clk 0:00:35]} 39. Kd3 {[%clk 0:01:45]} Kd7 {[%clk 0:00:43]} 40. Kc4
{[%clk 0:31:18]} Kc6 {[%clk 0:31:00]} 41. Bf8 {[%clk 0:22:49]} g6
{[%clk 0:27:40]} 42. a6 {[%clk 0:18:09]} h5 {[%clk 0:15:18]} 43. Bc5
{[%clk 0:17:59]} f5 {[%clk 0:11:57]} 44. a7 {[%clk 0:17:45]} Kb7 {[%clk 0:10:21]}
45. Rb2+ {[%clk 0:17:56]} Kc8 {[%clk 0:10:02]} 46. Kd5 {[%clk 0:17:52]} Bc7
{[%clk 0:09:12]} 47. Kc6 {[%clk 0:18:07]} fxe4 {[%clk 0:08:27]} 48. Rb7
{[%clk 0:18:26]} Bd8 {[%clk 0:07:40]} 49. Bd6 {[%clk 0:18:49]} 1-0

[Event "MP do 16 lat - chlopcy"]
[Site "Sypniewo"]
[Date "2022.03.23"]
[Round "5.19"]
[White "Dziewonski, Dariusz"]
[Black "Kusiak, Mateusz"]
[Result "1/2-1/2"]
[BlackElo "1715"]
[WhiteElo "2093"]
[LiveChessVersion "1.4.8"]

1. e4 {[%clk 1:30:58]} c5 {[%clk 1:30:56]} 2. Nf3 {[%clk 1:31:24]} g6
{[%clk 1:31:18]} 3. d4 {[%clk 1:31:48]} cxd4 {[%clk 1:31:44]} 4. Qxd4
{[%clk 1:32:13]} Nf6 {[%clk 1:32:08]} 5. Nc3 {[%clk 1:32:37]} Nc6
{[%clk 1:32:27]} 6. Qa4 {[%clk 1:33:02]} d6 {[%clk 1:32:20]} 7. e5
{[%clk 1:33:22]} dxe5 {[%clk 1:32:23]} 8. Nxe5 {[%clk 1:33:43]} Bd7
{[%clk 1:32:22]} 9. Nxd7 {[%clk 1:33:43]} Qxd7 {[%clk 1:32:46]} 10. Bb5
{[%clk 1:23:48]} Bg7 {[%clk 1:28:34]} 11. O-O {[%clk 1:19:44]} O-O
{[%clk 1:27:50]} 12. Bf4 {[%clk 1:13:33]} a6 {[%clk 1:26:08]} 13. Bxc6
{[%clk 1:11:03]} bxc6 {[%clk 1:26:24]} 14. Be5 {[%clk 1:08:04]} Qf5
{[%clk 1:22:01]} 15. f4 {[%clk 1:00:37]} Rad8 {[%clk 1:10:32]} 16. Rae1
{[%clk 0:44:15]} Rd2 {[%clk 0:55:11]} 17. Re2 {[%clk 0:40:06]} Rxe2
{[%clk 0:39:23]} 18. Nxe2 {[%clk 0:40:31]} Nd5 {[%clk 0:34:25]} 19. Bxg7
{[%clk 0:32:44]} Kxg7 {[%clk 0:34:32]} 20. Ng3 {[%clk 0:28:06]} Qf6
{[%clk 0:26:00]} 21. c3 {[%clk 0:26:23]} Rb8 {[%clk 0:26:03]} 22. Rf2
{[%clk 0:23:27]} Qe6 {[%clk 0:18:31]} 23. Qd4+ {[%clk 0:20:02]} Nf6
{[%clk 0:17:47]} 24. b3 {[%clk 0:18:03]} Rb7 {[%clk 0:17:15]} 25. Re2
{[%clk 0:15:29]} Qd5 {[%clk 0:17:12]} 26. Rd2 {[%clk 0:12:28]} Rd7
{[%clk 0:15:07]} 27. Qxd5 {[%clk 0:12:09]} Rxd5 {[%clk 0:15:28]} 28. Rxd5
{[%clk 0:11:18]} Nxd5 {[%clk 0:15:35]} 29. Ne2 {[%clk 0:11:40]} Kf6
{[%clk 0:15:35]} 30. Kf2 {[%clk 0:10:54]} e5 {[%clk 0:13:14]} 31. g3
{[%clk 0:08:37]} Kf5 {[%clk 0:06:35]} 32. fxe5 {[%clk 0:06:56]} Kxe5
{[%clk 0:06:58]} 33. Kf3 {[%clk 0:07:16]} a5 {[%clk 0:05:41]} 34. a3
{[%clk 0:06:12]} Nb6 {[%clk 0:04:37]} 35. Ke3 {[%clk 0:05:59]} a4
{[%clk 0:04:20]} 36. bxa4 {[%clk 0:05:43]} Nxa4 {[%clk 0:04:22]} 37. Kd3
{[%clk 0:03:59]} Kd5 {[%clk 0:04:22]} 38. Nd4 {[%clk 0:03:19]} Nb2+
{[%clk 0:01:49]} 39. Kc2 {[%clk 0:02:28]} Nc4 {[%clk 0:02:16]} 40. a4
{[%clk 0:32:41]} Kc5 {[%clk 0:30:37]} 41. Nf3 {[%clk 0:25:18]} Ne3+
{[%clk 0:19:05]} 42. Kb3 {[%clk 0:21:39]} Nf1 {[%clk 0:19:16]} 43. c4
{[%clk 0:16:58]} f5 {[%clk 0:14:40]} 44. Kc3 {[%clk 0:13:07]} Kb6
{[%clk 0:07:17]} 45. Kd3 {[%clk 0:10:24]} g5 {[%clk 0:07:40]} 46. Nxg5
{[%clk 0:04:18]} Nxh2 {[%clk 0:08:05]} 47. Nxh7 {[%clk 0:04:39]} Nf1
{[%clk 0:08:24]} 48. Kc3 {[%clk 0:03:41]} Nxg3 {[%clk 0:08:27]} 49. Ng5
{[%clk 0:03:13]} 1/2-1/2

[Event "MP do 16 lat - chlopcy"]
[Site "Sypniewo"]
[Date "2022.03.23"]
[Round "5.20"]
[White "Pancewicz, Szymon"]
[Black "Kotowicz, Kamil"]
[Result "1-0"]
[BlackElo "1764"]
[WhiteElo "1814"]
[LiveChessVersion "1.4.8"]

1. d4 {[%clk 1:30:40]} d5 {[%clk 1:30:52]} 2. c4 {[%clk 1:30:26]} e6
{[%clk 1:31:16]} 3. Nc3 {[%clk 1:30:15]} f5 {[%clk 1:31:01]} 4. Nf3
{[%clk 1:29:47]} c6 {[%clk 1:31:15]} 5. Bf4 {[%clk 1:29:08]} Nf6 {[%clk 1:31:29]}
6. e3 {[%clk 1:28:14]} Be7 {[%clk 1:31:41]} 7. Bd3 {[%clk 1:26:33]} O-O
{[%clk 1:31:43]} 8. O-O {[%clk 1:24:44]} Ne4 {[%clk 1:31:55]} 9. Qc2
{[%clk 1:19:36]} Nd7 {[%clk 1:32:01]} 10. h3 {[%clk 1:00:41]} g5 {[%clk 1:29:49]}
11. Bh2 {[%clk 0:59:06]} h5 {[%clk 1:28:41]} 12. Ne5 {[%clk 0:54:13]} Qe8
{[%clk 1:25:26]} 13. f3 {[%clk 0:49:41]} Nxe5 {[%clk 1:21:27]} 14. Bxe5
{[%clk 0:48:42]} Nd6 {[%clk 1:20:18]} 15. cxd5 {[%clk 0:45:03]} exd5
{[%clk 1:19:33]} 16. e4 {[%clk 0:43:09]} dxe4 {[%clk 1:18:01]} 17. fxe4
{[%clk 0:39:00]} f4 {[%clk 1:17:42]} 18. Bxd6 {[%clk 0:36:40]} Bxd6
{[%clk 1:18:04]} 19. e5 {[%clk 0:36:09]} Bc7 {[%clk 1:17:37]} 20. Ne4
{[%clk 0:31:38]} Bd8 {[%clk 1:15:06]} 21. Nd6 {[%clk 0:25:24]} Qe7
{[%clk 1:12:26]} 22. Qe2 {[%clk 0:20:34]} Bb6 {[%clk 1:10:53]} 23. Qe4
{[%clk 0:18:46]} Qg7 {[%clk 1:07:21]} 24. Bc4+ {[%clk 0:15:24]} Kh8
{[%clk 1:07:41]} 25. Rad1 {[%clk 0:14:54]} g4 {[%clk 1:06:22]} 26. Rxf4
{[%clk 0:12:29]} Rxf4 {[%clk 1:05:44]} 27. Qxf4 {[%clk 0:12:19]} gxh3
{[%clk 1:05:40]} 28. Nf7+ {[%clk 0:10:36]} Kh7 {[%clk 1:04:29]} 29. Ng5+
{[%clk 0:07:43]} Kh8 {[%clk 1:04:43]} 30. Nf7+ {[%clk 0:07:03]} Kh7
{[%clk 1:05:08]} 31. Ng5+ {[%clk 0:07:00]} Kh8 {[%clk 1:05:29]} 32. e6
{[%clk 0:07:01]} Bc7 {[%clk 1:02:30]} 33. Qf5 {[%clk 0:04:33]} Bd8
{[%clk 0:59:38]} 34. Nxh3 {[%clk 0:04:18]} Qg4 {[%clk 0:57:35]} 35. Qf8+
{[%clk 0:04:27]} Kh7 {[%clk 0:57:38]} 36. Bd3+ {[%clk 0:04:48]} 1-0